1304 1348 1219 1573 1721 1525 1071 1377 1015 1036 1504 1888 1045 1772 1372 1832 1269 1229 1868 1555 1335 1188 1822 1341 1878 1943 1784 1455 1389 1286 1701 1438 1297 1458 1470 1755 1091 1212 1507 1751 1933 1767 1524 1546 1449 1675 1951 1119 1781 1413 1590 1056 1110 1595 1824 1002 1039 1472 1992 1476 1851 1591 1264 1048 1288 1296 1630 1559 1621 1357 1500 1199 1128 1102 1690 1560 1730 1341 1861 1038 1852 1025 1687 1221 1739 1752 1937 1778 1623 1184 1459 1854 1894 1181 1585 1904 1555 1919 1514 BCNSPRNW ULIB Ver.6.0+V

เปลี่ยนเป็นภาษาไทย

Change to English
 แสดงรายละเอียดบรรณานุกรม
  กลับหน้าหลัก

Brief Record : Get Marc (ISO 2709) : E-mail record : QR code < ปิดหน้าต่าง
LEADER : 00000nam 2200000uu 4500
001    13399125630
003     ULIB
008    170712s2559||||th 000 0 tha d
020    ^a9786160827091
060  0  ^aQV615^bม122ส
100  0  ^aมณฑา ลิมปิยประพันธ์.
245  1  ^aสมุนไพรลดความดัน /^cมณฑา ลิมปิยประพันธ์.
250    ^aพิมพ์ครั้งที่ 1.
260    ^aกรุงเทพฯ :^bซีเอ็ดยูเคชั่น,^c2559.
300    ^a177 หน้า :^bภาพประกอบ ;^c17 ซม.
650    7 ^aพืชสมุนไพร^xการใช้รักษา.
650    7 ^aการรักษาด้วนสมุนไพร.
650    7 ^aความดันเลือดสูง.
945    ^p170^l0^i002606
945    ^p170^l0^i002607
999    ^aประนอม เกษจรัล
รายการนี้ยังไม่มีแท็ก
คุณยังไม่ได้ล็อกอิน คุณสามารถมีกิจกรรมร่วมกับเว็บไซต์ได้ แต่ต้องล็อกอินก่อน ::
  ล็อกอิน

รายการสื่อสารสนเทศ

ลำดับที่ ประเภท เลขเรียก/บาร์โค้ด สถานที่ สถานะ
1. วิทยาศาสตร์การแพทย์ และสุขภาพ
วิทยาศาสตร์การแพทย์ และสุขภาพ
QV615 ม122ส ฉ.1 
  Barcode: 002606
ห้องสมุดวิทยาเขตนครสวรรค์
►นวนิยาย:l:Fiction
บนชั้น
2. วิทยาศาสตร์การแพทย์ และสุขภาพ
วิทยาศาสตร์การแพทย์ และสุขภาพ
QV615 ม122ส ฉ.2 
  Barcode: 002607
ห้องสมุดวิทยาเขตนครสวรรค์
►นวนิยาย:l:Fiction
บนชั้น

รายการใกล้เคียง
    ผู้แต่ง [มณฑา ลิมปิยประพันธ์.]

    หัวเรื่อง [7 การรักษาด้วนสมุนไพร.]
    หัวเรื่อง [7 ความดันเลือดสูง.]

BibComment


ยังไม่เคยถูกคอมเมนท์

คอมเมนท์ทรัพยากรรายการนี้
  คอมเมนท์: สมุนไพรลดความดั..


 Copyright 2026. Bcnsprnw @Library